[Event "33. Senioren LEM Sachsen-Anhalt 50+"]
[Site "Magdeburg, Germany"]
[Date "2025.07.07"]
[Round "1.1"]
[White "Schumacher, Maik"]
[Black "Lang, Torsten"]
[Result "0-1"]
[WhiteElo "1877"]
[BlackElo "2295"]
[PlyCount "56"]
[EventDate "2025.??.??"]

1. d4 g6 2. Nc3 Bg7 3. e4 c6 4. Nf3 d5 5. Be2 Bg4 6. Be3 e6 7. Qd2 Ne7 8. h3
Bxf3 9. Bxf3 O-O 10. O-O Nd7 11. Rad1 f5 12. exd5 exd5 13. Bf4 Nf6 14. Ne2 Qd7
15. Nc1 Ne4 16. Qe3 Rae8 17. Nd3 Nc8 18. Ne5 Qe6 19. c4 Nb6 20. c5 Nd7 21. Nxd7
Qxd7 22. Qd3 g5 23. Bc1 g4 24. hxg4 fxg4 25. Bxe4 Rxe4 26. Be3 Rfe8 27. b4 g3
28. a4 Qg4 0-1

[Event "33. Senioren LEM Sachsen-Anhalt 50+"]
[Site "Magdeburg, Germany"]
[Date "2025.07.07"]
[Round "1.2"]
[White "Kargoll, Boris"]
[Black "Heiler, Karl"]
[Result "1-0"]
[WhiteElo "2255"]
[BlackElo "1870"]
[PlyCount "33"]
[EventDate "2025.??.??"]

1. d4 d6 2. Nf3 Nf6 3. c4 Nbd7 4. Nc3 e5 5. Bg5 Be7 6. e3 O-O 7. Be2 c6 8. O-O
Re8 9. b4 Qc7 10. Qb3 Bf8 11. Rfd1 g6 12. Rac1 Bg7 13. Bh4 Nh5 14. g4 Nhf6 15.
h3 exd4 16. Rxd4 Ne5 17. Rcd1 1-0

[Event "33. Senioren LEM Sachsen-Anhalt 50+"]
[Site "Magdeburg, Germany"]
[Date "2025.07.07"]
[Round "1.3"]
[White "Angott, Juergen"]
[Black "Jensen, Jakob Bjerre"]
[Result "0-1"]
[WhiteElo "1867"]
[BlackElo "2167"]
[PlyCount "62"]
[EventDate "2025.??.??"]

1. e4 c5 2. Nf3 Nc6 3. c3 e6 4. Be2 d5 5. exd5 exd5 6. O-O Bd6 7. d4 Nge7 8.
Bg5 O-O 9. Nbd2 h6 10. Bxe7 Nxe7 11. dxc5 Bxc5 12. Nd4 a6 13. a4 Qd6 14. N2b3
Bb6 15. Bd3 Bc7 16. f4 Qf6 17. Qf3 b6 18. Rf2 Bb7 19. Raf1 Rae8 20. Qh5 Ng6 21.
g3 Re3 22. Bc2 Rfe8 23. f5 Nf8 24. Ne6 d4 25. Nbxd4 fxe6 26. Qxe8 Bxg3 27. Nf3
Bxf2+ 28. Rxf2 Bxf3 29. Bb3 Qg5+ 30. Kf1 Re1+ 31. Kxe1 Qc1+ 0-1

[Event "33. Senioren LEM Sachsen-Anhalt 50+"]
[Site "Magdeburg, Germany"]
[Date "2025.07.07"]
[Round "1.4"]
[White "Solberg, Joachim"]
[Black "Schiller, Dirk"]
[Result "1-0"]
[WhiteElo "2151"]
[BlackElo "1847"]
[PlyCount "81"]
[EventDate "2025.??.??"]

1. e4 e5 2. Nf3 d6 3. d4 exd4 4. Nxd4 Nf6 5. Nc3 Bd7 6. Bc4 Be7 7. O-O O-O 8.
h3 Nc6 9. Bf4 Ne5 10. Be2 a6 11. a4 Ng6 12. Bh2 Re8 13. Re1 Bf8 14. Bf1 Ne5 15.
f4 Nc6 16. Kh1 Nxd4 17. Qxd4 Bc6 18. g4 g6 19. Bg2 Bg7 20. Qf2 Qc8 21. f5 Nd7
22. g5 Be5 23. Qh4 Bxh2 24. Kxh2 Re5 25. Rf1 Qf8 26. Rf2 Qg7 27. Raf1 Rf8 28.
Rf4 b5 29. axb5 axb5 30. f6 Qh8 31. Qh6 Nc5 32. Nd5 Bxd5 33. exd5 Ra8 34. h4
Ra4 35. b4 Nd7 36. R1f3 Rxd5 37. Rc3 Re5 38. Rxc7 Nb6 39. Rb7 Nc8 40. Rb8 Re8
41. Re4 1-0

[Event "33. Senioren LEM Sachsen-Anhalt 50+"]
[Site "Magdeburg, Germany"]
[Date "2025.07.07"]
[Round "1.5"]
[White "Hencke, Heiko"]
[Black "Rabus, Berthold"]
[Result "0-1"]
[WhiteElo "1841"]
[BlackElo "2127"]
[PlyCount "58"]
[EventDate "2025.??.??"]

1. e4 c5 2. Nc3 d6 3. Nf3 Nf6 4. d4 cxd4 5. Nxd4 a6 6. Bg5 e6 7. Be2 Be7 8. O-O
O-O 9. Qd2 Nbd7 10. Rad1 Qc7 11. Qe3 b5 12. Qg3 Kh8 13. Bf3 Bb7 14. a3 Rac8 15.
Nb3 Ne5 16. Bf4 Nc4 17. Bc1 Rfd8 18. Rd4 Nd7 19. Bh5 Rf8 20. Rfd1 Nxa3 21. bxa3
Qxc3 22. R4d3 Qe5 23. Qh3 Nf6 24. Bf3 Bxe4 25. Re3 d5 26. Bxe4 dxe4 27. f3 Rxc2
28. fxe4 Bc5 29. Nxc5 Qxc5 0-1

[Event "33. Senioren LEM Sachsen-Anhalt 50+"]
[Site "Magdeburg, Germany"]
[Date "2025.07.07"]
[Round "1.6"]
[White "Jahn, Peter"]
[Black "Richter, Juergen"]
[Result "0-1"]
[WhiteElo "2126"]
[BlackElo "1835"]
[PlyCount "90"]
[EventDate "2025.??.??"]

1. d4 g6 2. Nf3 Bg7 3. g3 d5 4. Bg2 Nh6 5. O-O Nf5 6. c3 c6 7. Bf4 O-O 8. Nbd2
Nd6 9. Re1 Bf5 10. Nh4 Be6 11. Bxd6 exd6 12. e4 dxe4 13. Nxe4 Bd5 14. Qd3 f5
15. Nd2 Bf7 16. Nc4 Na6 17. b4 Qd7 18. Na5 Bd5 19. Bxd5+ cxd5 20. Ng2 Rab8 21.
Nf4 Nc7 22. Qf3 Qf7 23. Re2 g5 24. Rae1 g4 25. Qg2 Rfe8 26. Kf1 Rxe2 27. Rxe2
Bh6 28. Nd3 Nb5 29. Rc2 Rc8 30. Nb3 Rxc3 31. Rxc3 Nxc3 32. Ndc1 Qc7 33. f4 Qc4+
34. Ne2 Bg7 35. Qf2 Nxa2 36. Qe3 Kf7 37. Nd2 Qxb4 38. Kf2 Nc1 39. Kg2 Nxe2 40.
Qxe2 Qxd4 41. Qd1 Qb2 42. Kh1 b5 43. Nf1 Qd4 44. Nd2 Qd3 45. Qc1 Bc3 0-1

[Event "33. Senioren LEM Sachsen-Anhalt 50+"]
[Site "Magdeburg, Germany"]
[Date "2025.07.07"]
[Round "1.7"]
[White "Hansen, Jeppe"]
[Black "Schoetzig, Detlef"]
[Result "0-1"]
[WhiteElo "1834"]
[BlackElo "2111"]
[PlyCount "56"]
[EventDate "2025.??.??"]

1. e4 d5 2. exd5 Nf6 3. d4 Bg4 4. f3 Bf5 5. g4 Bg6 6. Bb5+ c6 7. dxc6 Nxc6 8.
Nc3 Qb6 9. h4 h6 10. Nh3 O-O-O 11. Bxc6 Qxc6 12. Nf4 Bh7 13. d5 Nxd5 14. Nfxd5
e6 15. Qd4 Bc5 16. Ne7+ Bxe7 17. Qxa7 Bb4 18. Bd2 Qxf3 19. Qa8+ Kc7 20. Nb5+
Kd7 21. Qa4 Qxh1+ 22. Kf2 Qh2+ 23. Kf3 Qh3+ 24. Kf2 Qxh4+ 25. Ke3 Bxd2+ 26.
Kxd2 Ke7+ 27. Kc3 Rc8+ 28. Kb4 Qxg4+ 0-1

[Event "33. Senioren LEM Sachsen-Anhalt 50+"]
[Site "Magdeburg, Germany"]
[Date "2025.07.07"]
[Round "1.8"]
[White "Bub, Volker"]
[Black "Giesenberg, Angela"]
[Result "1-0"]
[WhiteElo "2095"]
[BlackElo "1818"]
[PlyCount "57"]
[EventDate "2025.??.??"]

1. Nf3 g6 2. g3 Bg7 3. Bg2 Nf6 4. O-O d6 5. d3 O-O 6. c4 c6 7. Nc3 Nbd7 8. Bd2
a5 9. Rb1 e5 10. Ne1 Re8 11. a3 Nf8 12. b4 axb4 13. axb4 Rb8 14. b5 Bd7 15. Nc2
Qc8 16. bxc6 Bxc6 17. e4 Bd7 18. Ne3 Bh3 19. Rb6 Bxg2 20. Kxg2 Re6 21. Ncd5 Ne8
22. Bb4 Qd8 23. Qb3 Nd7 24. Rb5 b6 25. Rb1 Nc5 26. Bxc5 dxc5 27. Rxc5 Bf8 28.
Rb5 Bc5 29. Rxc5 1-0

[Event "33. Senioren LEM Sachsen-Anhalt 50+"]
[Site "Magdeburg, Germany"]
[Date "2025.07.07"]
[Round "1.9"]
[White "Dettmann, Nils"]
[Black "Zschischang, Marine"]
[Result "0-1"]
[WhiteElo "1812"]
[BlackElo "2080"]
[PlyCount "92"]
[EventDate "2025.??.??"]

1. e4 e6 2. d4 d5 3. Nc3 dxe4 4. Nxe4 Nd7 5. Nf3 Ngf6 6. Nxf6+ Nxf6 7. Bd3 c5
8. O-O cxd4 9. Nxd4 Bc5 10. Nf3 O-O 11. b3 b6 12. Bb2 Bb7 13. Qe2 Qd5 14. Rad1
Qh5 15. Ne5 Qg5 16. Nf3 Qg4 17. h3 Qh5 18. Ne5 Qxe2 19. Bxe2 Rfd8 20. Bf3 Bxf3
21. Nxf3 Ne4 22. Bd4 Bxd4 23. Rxd4 Rxd4 24. Nxd4 Nc3 25. a4 Rd8 26. Nb5 Ne2+
27. Kh2 a6 28. Na3 Nc3 29. f4 b5 30. Rf3 b4 31. Nc4 f6 32. Kg1 Rd1+ 33. Rf1
Ne2+ 34. Kf2 Rxf1+ 35. Kxf1 Nxf4 36. Na5 Kf7 37. Nc6 Nd5 38. Nb8 Ne3+ 39. Kf2
Nxc2 40. Nxa6 Ke7 41. Ke2 Nd4+ 42. Kd3 Nxb3 43. Kc4 Na5+ 44. Kxb4 Nc6+ 45. Kb5
Kd6 46. a5 e5 0-1

[Event "33. Senioren LEM Sachsen-Anhalt 50+"]
[Site "Magdeburg, Germany"]
[Date "2025.07.07"]
[Round "1.10"]
[White "Koenig, Marco"]
[Black "Hammel, Juergen"]
[Result "1-0"]
[WhiteElo "2075"]
[BlackElo "1790"]
[PlyCount "51"]
[EventDate "2025.??.??"]

1. e4 e5 2. Nf3 Nc6 3. d4 exd4 4. Nxd4 Nf6 5. Nxc6 bxc6 6. e5 Nd5 7. c4 Nb6 8.
Nc3 Bb7 9. Bd3 Bc5 10. Qg4 g6 11. Bh6 Bf8 12. Bxf8 Rxf8 13. Ne4 h5 14. Qf4 Qe7
15. Nf6+ Kd8 16. O-O-O Kc8 17. Rhe1 Kb8 18. Qe3 a5 19. f4 a4 20. a3 Ba6 21. c5
Bxd3 22. Rxd3 Nc4 23. Qd4 Ra5 24. Nxd7+ Kc8 25. Qxc4 Rd8 26. Red1 1-0

[Event "33. Senioren LEM Sachsen-Anhalt 50+"]
[Site "Magdeburg, Germany"]
[Date "2025.07.07"]
[Round "1.11"]
[White "Ahrens, Gunnar"]
[Black "Zschischang, Gunnar"]
[Result "0-1"]
[WhiteElo "1781"]
[BlackElo "2066"]
[PlyCount "52"]
[EventDate "2025.??.??"]

1. f4 d5 2. Nf3 Nf6 3. e3 Bg4 4. b3 Nbd7 5. Bb2 e6 6. d3 c6 7. h3 Bxf3 8. Qxf3
Qa5+ 9. Bc3 Bb4 10. Bxb4 Qxb4+ 11. c3 Qd6 12. d4 c5 13. Bd3 Rc8 14. O-O O-O 15.
g4 cxd4 16. cxd4 Qb4 17. g5 Ne4 18. Bxe4 dxe4 19. Qd1 Nb6 20. a3 Qb5 21. Nd2
Rc3 22. Re1 Qd3 23. Ra2 Rfc8 24. Kf2 Rc2 25. Rxc2 Rxc2 26. Re2 Nd5 0-1

[Event "33. Senioren LEM Sachsen-Anhalt 50+"]
[Site "Magdeburg, Germany"]
[Date "2025.07.07"]
[Round "1.12"]
[White "Krannich, Thomas"]
[Black "Hencke, Andrea"]
[Result "1-0"]
[WhiteElo "2063"]
[BlackElo "1779"]
[PlyCount "89"]
[EventDate "2025.??.??"]

1. d4 Nf6 2. Bg5 d5 3. Bxf6 exf6 4. e3 Bd6 5. c4 Be6 6. cxd5 Bb4+ 7. Nc3 Bxc3+
8. bxc3 Bxd5 9. Nf3 O-O 10. Bd3 Nc6 11. O-O Ne7 12. c4 Bxf3 13. Qxf3 c6 14.
Rab1 Rb8 15. h4 Qd7 16. Rb2 c5 17. d5 Qd6 18. Qd1 Qe5 19. Qb1 b6 20. Bxh7+ Kh8
21. Bd3 Ng6 22. Bxg6 fxg6 23. Rb3 Qh5 24. g3 g5 25. Qd1 Qh6 26. hxg5 Qxg5 27.
Qf3 g6 28. Kg2 Kg7 29. Rh1 Rh8 30. Rbb1 Qe5 31. Rbd1 Rbd8 32. Qg4 f5 33. Qf4
Qe7 34. Rxh8 Rxh8 35. f3 Kf6 36. g4 Qd7 37. g5+ Kf7 38. Qe5 Kg8 39. Rh1 Rxh1
40. Kxh1 Qh7+ 41. Kg2 Qf7 42. Kg3 a6 43. Qb8+ Kg7 44. Qxb6 Qe7 45. Kf4 1-0

[Event "33. Senioren LEM Sachsen-Anhalt 50+"]
[Site "Magdeburg, Germany"]
[Date "2025.07.07"]
[Round "1.13"]
[White "Schroeder, Frank"]
[Black "Oppitz, Peter"]
[Result "0-1"]
[WhiteElo "1779"]
[BlackElo "2034"]
[PlyCount "78"]
[EventDate "2025.??.??"]

1. d4 Nf6 2. Nc3 d5 3. Bf4 c5 4. e3 a6 5. Bd3 Nc6 6. Nf3 cxd4 7. Nxd4 e6 8. a3
Bd6 9. Bxd6 Qxd6 10. O-O O-O 11. Nce2 Ne5 12. Ng3 Bd7 13. Nh5 Nxh5 14. Qxh5 f5
15. f4 Ng4 16. Rae1 Rf6 17. Qh4 Rh6 18. Qg3 Nxh2 19. Rf2 Ng4 20. Rff1 Rf8 21.
Be2 Rg6 22. Bxg4 Rxg4 23. Qf3 Rf6 24. Kf2 e5 25. fxe5 Qxe5 26. g3 h5 27. Rh1 g6
28. c3 Qe4 29. Rd1 Rf7 30. Rh2 h4 31. gxh4 Rxh4 32. Rxh4 Qxh4+ 33. Ke2 Qh2+ 34.
Ke1 Qe5 35. Kd2 Rh7 36. Rg1 Kf7 37. Kc1 Rh2 38. Re1 Ba4 39. Qf1 Qe4 0-1

[Event "33. Senioren LEM Sachsen-Anhalt 50+"]
[Site "Magdeburg, Germany"]
[Date "2025.07.07"]
[Round "1.14"]
[White "Puschendorf, Steffen"]
[Black "Schirmag, Wolfgang"]
[Result "1-0"]
[WhiteElo "2017"]
[BlackElo "1775"]
[PlyCount "102"]
[EventDate "2025.??.??"]

1. d4 d5 2. c4 e6 3. Nf3 Nf6 4. g3 c6 5. Bg2 Be7 6. O-O O-O 7. Qc2 Nbd7 8. b3
Re8 9. Bb2 Ne4 10. Nbd2 Ndf6 11. Rad1 Qa5 12. a3 Qd8 13. Ne5 Nxd2 14. Rxd2 Bd6
15. Rfd1 Qe7 16. b4 Nd7 17. e4 Nf6 18. c5 Bc7 19. f3 Nh5 20. Re2 Qf8 21. Rde1
f6 22. Nd3 Bd7 23. Bc1 g5 24. e5 h6 25. exf6 Nxf6 26. Ne5 Bxe5 27. Rxe5 Qg7 28.
Qd2 Kf7 29. Bh3 Re7 30. Kh1 Rae8 31. g4 Bc8 32. f4 Ne4 33. Qe3 Kg8 34. Bg2 gxf4
35. Qxf4 Rf7 36. Qxh6 Nf2+ 37. Kg1 Nd3 38. Rg5 Nxe1 39. Rxg7+ Rxg7 40. Bg5 Kf7
41. Qf6+ Kg8 42. h4 Nxg2 43. Kxg2 Rf7 44. Qg6+ Kf8 45. Qh6+ Kg8 46. Bf6 Rxf6
47. Qxf6 Rf8 48. Qg6+ Kh8 49. g5 Bd7 50. Qh6+ Kg8 51. g6 Rf5 1-0

[Event "33. Senioren LEM Sachsen-Anhalt 50+"]
[Site "Magdeburg, Germany"]
[Date "2025.07.07"]
[Round "1.15"]
[White "Klingler, Stefan"]
[Black "Hanisch, Klaus"]
[Result "1/2-1/2"]
[WhiteElo "1754"]
[BlackElo "2009"]
[PlyCount "61"]
[EventDate "2025.??.??"]

1. d4 Nf6 2. b3 c5 3. Bb2 cxd4 4. Qxd4 Nc6 5. Qa4 e6 6. a3 d5 7. Nd2 Bd6 8. e3
O-O 9. Ngf3 e5 10. Qh4 Bf5 11. Rc1 Qe7 12. b4 d4 13. e4 Nxe4 14. Bd3 Nxd2 15.
Kxd2 Bxb4+ 16. c3 dxc3+ 17. Bxc3 Bxc3+ 18. Rxc3 Qxh4 19. Nxh4 Bxd3 20. Kxd3 f5
21. Ke3 Rad8 22. Nf3 Rd5 23. Rb1 Rf7 24. Ng5 Rfd7 25. h4 h6 26. Ne6 Kf7 27. Nc5
f4+ 28. Kf3 Nd4+ 29. Ke4 Ne2 30. Rc2 Rd2 31. Nxd7 1/2-1/2

[Event "33. Senioren LEM Sachsen-Anhalt 50+"]
[Site "Magdeburg, Germany"]
[Date "2025.07.07"]
[Round "1.16"]
[White "Ackermann, Robert"]
[Black "Orschiedt-Eghbali, Anke"]
[Result "1-0"]
[WhiteElo "2004"]
[BlackElo "1754"]
[PlyCount "73"]
[EventDate "2025.??.??"]

1. e4 g6 2. Nf3 c5 3. Bc4 d6 4. O-O Bg4 5. Bxf7+ Kxf7 6. Ng5+ Ke8 7. Qxg4 Qd7
8. Qxd7+ Nxd7 9. Ne6 Kf7 10. Nxf8 Rxf8 11. d3 Ke8 12. Nc3 Ngf6 13. h3 a6 14. f4
h5 15. Bd2 Rf7 16. Rae1 e5 17. fxe5 Nxe5 18. Ne2 Ned7 19. Bc3 Rhf8 20. Bd2 Nh7
21. Rxf7 Rxf7 22. Nf4 Nhf8 23. Rf1 Ne5 24. Be3 Nc6 25. a3 b5 26. Ra1 Ra7 27. c3
Rb7 28. Nd5 Ne5 29. Rd1 c4 30. d4 Nc6 31. Bf4 Kd7 32. Rf1 Nh7 33. Bd2 Ke6 34.
Nf4+ Kf7 35. Nxh5+ Kg8 36. Nf6+ Nxf6 37. Rxf6 1-0

[Event "33. Senioren LEM Sachsen-Anhalt 50+"]
[Site "Magdeburg, Germany"]
[Date "2025.07.07"]
[Round "1.17"]
[White "Vogt, Joerg"]
[Black "Junggebauer, Thomas"]
[Result "0-1"]
[WhiteElo "1748"]
[BlackElo "2003"]
[PlyCount "108"]
[EventDate "2025.??.??"]

1. b3 Nf6 2. Bb2 d5 3. e3 g6 4. Nf3 Bg7 5. Be2 O-O 6. O-O Nc6 7. d3 Re8 8. Nbd2
e5 9. Rc1 b6 10. c4 d4 11. e4 Qd6 12. a3 a5 13. h3 Nh5 14. Nh2 Nf4 15. Re1 h5
16. Ndf1 Nd8 17. Ng3 Bh6 18. Rc2 Nde6 19. Bf1 Nc5 20. b4 axb4 21. axb4 Na4 22.
b5 Bd7 23. Ne2 Nxb2 24. Rxb2 Ne6 25. g3 Ra3 26. Rb3 Ra2 27. Nf3 Rea8 28. Nc1
Ra1 29. Qc2 Nc5 30. Rb1 R1a3 31. Nb3 Nxb3 32. Rxb3 f6 33. Reb1 Kf7 34. Nh2 Be6
35. Qe2 Qd7 36. g4 hxg4 37. Nxg4 Bf4 38. f3 R3a5 39. R1b2 Qd8 40. Qe1 Qh8 41.
Rb1 Qh5 42. Qe2 Rg8 43. Bg2 Qh4 44. Qe1 Bg3 45. Qe2 Rh8 46. R3b2 Bf4 47. Qe1
Qg5 48. Rc2 Ra3 49. Qe2 Ke7 50. c5 f5 51. exf5 gxf5 52. Nxe5 Rxh3 53. Nc6+ Kf6
54. cxb6 Be3+ 0-1

[Event "33. Senioren LEM Sachsen-Anhalt 50+"]
[Site "Maritim-Hotel Magdeburg"]
[Date "2025.07.07"]
[Round "1.19"]
[White "Janeke, Thomas"]
[Black "Kiesel, Harald"]
[Result "0-1"]
[WhiteElo "1738"]
[BlackElo "1976"]
[PlyCount "80"]
[EventDate "2025.07.07"]
[WhiteTeam "Sportgemeinschaft Kloetze Sued"]
[BlackTeam "SV Laatzen"]

1. c4 e6 2. e4 d5 3. exd5 exd5 4. d4 Nf6 5. Nf3 Bb4+ 6. Nc3 O-O 7. Be2 Nc6 8.
O-O Bg4 9. cxd5 Nxd5 10. Nxd5 Qxd5 11. Be3 Rad8 12. a3 Bd6 13. Qd2 Rfe8 14.
Rac1 h6 15. h3 Bh5 16. Bc4 Qf5 17. Bd3 Qf6 18. Be2 a6 19. Rc4 Ne7 20. Qa5 b5
21. Rc2 Bg6 22. Rcc1 Nd5 23. Qd2 Qe6 24. Bd3 Nxe3 25. Rfe1 Bf4 26. Bxg6 fxg6
27. Qd3 Qf5 28. Qb3+ Nc4 29. Rcd1 Qf7 30. Qc2 Qf5 31. Qb3 Qf6 32. Qc2 Kh7 33.
a4 Nd6 34. g3 Bxg3 35. fxg3 Qxf3 36. Kh2 Rxe1 37. Rxe1 Rf8 38. Re2 Nf5 39. Re6
Qxg3+ 40. Kh1 Nxd4 0-1

[Event "33. Senioren LEM Sachsen-Anhalt 50+"]
[Site "Maritim-Hotel Magdeburg"]
[Date "2025.07.07"]
[Round "1.20"]
[White "Koenig, Dirk"]
[Black "Gaertig, Johannes"]
[Result "1-0"]
[WhiteElo "1974"]
[BlackElo "1724"]
[PlyCount "85"]
[EventDate "2025.07.07"]
[WhiteTeam "SC Grunbach"]
[BlackTeam "Haldensleber Sportclub"]

1. c4 e6 2. g3 Nf6 3. Bg2 c6 4. b3 Bc5 5. e3 d5 6. Ne2 d4 7. exd4 Bxd4 8. Nxd4
Qxd4 9. Nc3 Ng4 10. O-O O-O 11. Bb2 e5 12. Qc2 Nd7 13. h3 Ngf6 14. Nd5 Qc5 15.
b4 Qd6 16. c5 Qb8 17. Ne7+ Kh8 18. Rfe1 Qc7 19. d4 Re8 20. Nf5 a6 21. Nd6 Re7
22. dxe5 Nd5 23. Qd2 Nf8 24. f4 Be6 25. f5 b6 26. fxe6 Nxe6 27. Bxd5 cxd5 28.
Qxd5 Rb8 29. Bd4 bxc5 30. Bxc5 Kg8 31. Rac1 Rd7 32. h4 h6 33. Qe4 g6 34. Be3
Kh7 35. Rxc7 Rxc7 36. Rc1 Rxc1+ 37. Bxc1 Rd8 38. Qb7 Rf8 39. Nxf7 Ng7 40. Bxh6
Rg8 41. e6 Nxe6 42. Ng5+ Kxh6 43. Qh7# 1-0

[Event "33. Senioren LEM Sachsen-Anhalt 50+"]
[Site "Maritim-Hotel Magdeburg"]
[Date "2025.07.07"]
[Round "1.21"]
[White "Bachmann, Sylvia"]
[Black "Stierle, Martin"]
[Result "0-1"]
[WhiteElo "1721"]
[BlackElo "1947"]
[PlyCount "108"]
[EventDate "2025.07.07"]
[WhiteTeam "SG Einheit Stassfurt"]
[BlackTeam "SF Neckarsteinach 2014"]

1. e4 e6 2. d4 d5 3. exd5 exd5 4. Nf3 Bd6 5. Be2 Nf6 6. Bg5 Bf5 7. O-O O-O 8.
Re1 Nbd7 9. Nbd2 h6 10. Bh4 c6 11. Nf1 Qc7 12. Bg3 Ne4 13. Bh4 Bh7 14. Bd3 f5
15. N3d2 g5 16. Bxe4 dxe4 17. Qh5 gxh4 18. Qxh6 Rae8 19. Nc4 Be7 20. Rad1 b5
21. Ne5 Nxe5 22. dxe5 Qxe5 23. Rd7 Qf6 24. Qf4 Bc5 25. Qc7 Bb6 26. Qf4 Rd8 27.
Red1 Rxd7 28. Rxd7 Rd8 29. Rxd8+ Qxd8 30. c3 Bc7 31. Qh6 Qd7 32. Qxh4 f4 33.
Qf6 Bf5 34. Qg5+ Kf8 35. h4 f3 36. Qf6+ Ke8 37. Ne3 Be6 38. h5 Qf7 39. Qh8+ Kd7
40. h6 Qg8 41. Qf6 Bb6 42. Qg7+ Qxg7 43. hxg7 Bxe3 44. fxe3 Bxa2 45. gxf3 exf3
46. Kf2 Ke7 47. Kxf3 Kf7 48. Kf4 Kxg7 49. Ke5 Bb1 50. Kd4 a5 51. e4 Kf6 52. e5+
Ke6 53. b3 Ba2 54. c4 Bxb3 0-1

[Event "33. Senioren LEM Sachsen-Anhalt 50+"]
[Site "Maritim-Hotel Magdeburg"]
[Date "2025.07.07"]
[Round "1.22"]
[White "Weitz, Andreas"]
[Black "Wolter, Kerstin"]
[Result "1-0"]
[WhiteElo "1941"]
[BlackElo "1719"]
[PlyCount "77"]
[EventDate "2025.07.07"]
[WhiteTeam "SV Rochade Magdeburg"]
[BlackTeam "SV Gifhorn"]

1. d4 d5 2. c4 e6 3. Nf3 Nf6 4. Bg5 Be7 5. Nc3 b6 6. e3 Bb7 7. cxd5 exd5 8. Be2
Nbd7 9. O-O O-O 10. Rc1 c5 11. a4 c4 12. h3 Rc8 13. Bf4 a6 14. Ne5 Qe8 15. Bh2
Bd6 16. f4 Bb4 17. Na2 a5 18. Bf3 Ba6 19. Nc3 Bxc3 20. bxc3 b5 21. axb5 Bxb5
22. Rb1 Rb8 23. Qc1 Ba4 24. Rxb8 Qxb8 25. Nxd7 Nxd7 26. Bxd5 Bb3 27. Qa3 a4 28.
Bc6 Qc8 29. Bf3 Re8 30. e4 Nf6 31. e5 Nd7 32. Bg4 Qc6 33. Bf3 Qg6 34. f5 Qb6
35. Kh1 Qh6 36. Bg1 Qd2 37. Bc6 Qxc3 38. Bxd7 Rd8 39. e6 1-0

[Event "33. Senioren LEM Sachsen-Anhalt 50+"]
[Site "Maritim-Hotel Magdeburg"]
[Date "2025.07.07"]
[Round "1.23"]
[White "Stahl, Lothar"]
[Black "Dannhauer, Frank"]
[Result "0-1"]
[WhiteElo "1680"]
[BlackElo "1935"]
[PlyCount "52"]
[EventDate "2025.07.07"]
[WhiteTeam "SC Grunbach"]
[BlackTeam "SV Einheit Halberstadt"]

1. e4 c5 2. Nf3 Nc6 3. d4 cxd4 4. Nxd4 Nf6 5. Nxc6 bxc6 6. Bd3 e5 7. O-O Be7 8.
Nd2 O-O 9. Nf3 Qc7 10. b3 d5 11. Qe2 Bd6 12. h3 Nd7 13. c4 dxe4 14. Bxe4 f5 15.
Bc2 e4 16. Nd4 Nf6 17. Bb2 a6 18. Qe1 c5 19. Ne2 Bb7 20. Rd1 f4 21. Nc3 f3 22.
g3 Be5 23. Bc1 Bd4 24. Be3 Qe5 25. Bf4 Qh5 26. Kh2 Ng4+ 0-1

[Event "33. Senioren LEM Sachsen-Anhalt 50+"]
[Site "Maritim-Hotel Magdeburg"]
[Date "2025.07.07"]
[Round "1.24"]
[White "Frankenberger, Ralf"]
[Black "Ehrich, Dieter"]
[Result "1-0"]
[WhiteElo "1918"]
[BlackElo "1653"]
[PlyCount "105"]
[EventDate "2025.07.07"]
[WhiteTeam "Schachclub Hansa Dortmund"]
[BlackTeam "PSV Ribnitz-Damgarten"]

1. d4 Nf6 2. c4 e5 3. Nf3 exd4 4. Nxd4 Bb4+ 5. Bd2 a5 6. a3 Bxd2+ 7. Qxd2 Qe7
8. Nc3 d6 9. f3 O-O 10. e4 Bd7 11. Bd3 Nc6 12. Nxc6 Bxc6 13. O-O Qe5 14. Qf2
Qc5 15. Qxc5 dxc5 16. Bc2 Rad8 17. Rad1 Rd4 18. Rxd4 cxd4 19. Ne2 d3 20. Bxd3
Rd8 21. Nc1 Nd7 22. Rd1 Ne5 23. b3 b5 24. cxb5 Bxb5 25. Be2 Rxd1+ 26. Bxd1 c5
27. f4 Nd7 28. Kf2 Kf8 29. Ke3 Ke7 30. Be2 Bc6 31. g3 Nf6 32. Bf3 Ne8 33. Nd3
c4 34. bxc4 Nd6 35. Nb2 Nc8 36. e5 Bd7 37. Kd4 f6 38. c5 Na7 39. exf6+ gxf6 40.
a4 Nc6+ 41. Bxc6 Bxc6 42. Nc4 Bxa4 43. Nxa5 Ke6 44. Nb7 h5 45. Nd6 Bc6 46. f5+
Ke7 47. Ke3 Kf8 48. Kf4 Kg7 49. h4 Kf8 50. g4 hxg4 51. Kxg4 Kg7 52. Nc8 Bb7 53.
Na7 1-0

[Event "33. Senioren LEM Sachsen-Anhalt 50+"]
[Site "Maritim-Hotel Magdeburg"]
[Date "2025.07.07"]
[Round "1.25"]
[White "Stolzenwald, Frank"]
[Black "Mitschka, Manfred"]
[Result "0-1"]
[WhiteElo "1630"]
[BlackElo "1913"]
[PlyCount "44"]
[EventDate "2025.07.07"]
[WhiteTeam "SF Hamburg 1934"]
[BlackTeam "SK Neuburg"]

1. f4 b6 2. Nf3 Bb7 3. Nc3 d5 4. d4 Nf6 5. e3 e6 6. Bd3 Bb4 7. Bd2 Nbd7 8. Ne2
Qe7 9. c3 Bd6 10. O-O c5 11. b3 Rc8 12. Rc1 O-O 13. g3 Ne4 14. Be1 f6 15. Nd2
Nxd2 16. Bxd2 c4 17. bxc4 dxc4 18. Bc2 f5 19. Rb1 Nf6 20. h3 Ba8 21. a4 Qb7 22.
Kf2 Qg2+ 0-1

[Event "33. Senioren LEM Sachsen-Anhalt 50+"]
[Site "Maritim-Hotel Magdeburg"]
[Date "2025.07.07"]
[Round "1.26"]
[White "Kaiser, Andreas"]
[Black "Miller, Thomas"]
[Result "1-0"]
[WhiteElo "1906"]
[BlackElo "1541"]
[PlyCount "117"]
[EventDate "2025.07.07"]
[WhiteTeam "SF 47 Neckartenzlingen"]
[BlackTeam "USC Magdeburg"]

1. d4 b5 2. e4 Bb7 3. f3 a6 4. Be3 e6 5. Bd3 Nf6 6. Ne2 d5 7. e5 Nfd7 8. O-O c5
9. c3 c4 10. Bc2 Be7 11. a3 Qc7 12. f4 g6 13. Nd2 Nc6 14. Nf3 h6 15. Bf2 Nf8
16. h3 Nh7 17. Qd2 Kd7 18. Nh2 Rag8 19. Ng4 Nf8 20. Ne3 Qd8 21. b3 Bh4 22. g3
Be7 23. a4 g5 24. f5 f6 25. fxe6+ Kc7 26. exf6 Bxf6 27. axb5 axb5 28. bxc4 dxc4
29. Bf5 Ne7 30. Qc2 Qd6 31. Be4 Nd5 32. Nxd5+ Bxd5 33. Bxd5 Qxd5 34. Ra7+ Kb8
35. Rfa1 Rg7 36. Qa2 Rxa7 37. Qxa7+ Kc8 38. Qa6+ Kb8 39. Qb6+ Kc8 40. Ra5 Bd8
41. Qa6+ Qb7 42. Qxb7+ Kxb7 43. Rxb5+ Kc6 44. Rc5+ Kd6 45. d5 Bb6 46. Rb5 Bxf2+
47. Kxf2 Ng6 48. Ke3 Ne7 49. Ke4 Rf8 50. Nd4 Ra8 51. Nf5+ Nxf5 52. Kxf5 Rf8+
53. Ke4 h5 54. Rb6+ Kc7 55. Rc6+ Kd8 56. d6 Re8 57. Kd5 g4 58. hxg4 hxg4 59.
Ra6 1-0

[Event "33. Senioren LEM Sachsen-Anhalt 50+"]
[Site "Maritim-Hotel Magdeburg"]
[Date "2025.07.07"]
[Round "1.27"]
[White "Okrajek, Sibylle"]
[Black "Ritter, Uwe"]
[Result "0-1"]
[WhiteElo "1428"]
[BlackElo "1895"]
[PlyCount "32"]
[EventDate "2025.07.07"]
[WhiteTeam "Schachclub 1919 Siegburg"]
[BlackTeam "SV Kaponier Vechta"]

1. d4 d5 2. Nf3 Nf6 3. e3 e6 4. Bd3 c5 5. O-O Bd6 6. Re1 O-O 7. b3 Nc6 8. a3 e5
9. dxe5 Nxe5 10. Nxe5 Bxe5 11. c3 Ng4 12. h3 Qh4 13. Qf3 Nxf2 14. Bc2 Nxh3+ 15.
Kf1 Bg4 16. Qxd5 Qf2# 0-1